header

Printing in Deseret (Record no. 28118)

MARC details
000 -LEADER
fixed length control field 01649nam a2200361 a 4500
082 04 - DEWEY DECIMAL CLASSIFICATION NUMBER
Classification number 686.2/09792
100 1# - MAIN ENTRY--AUTHOR NAME
Personal name Saunders, Richard L.,
245 10 - TITLE STATEMENT
Title Printing in Deseret
260 ## - PUBLICATION, DISTRIBUTION, ETC. (IMPRINT)
Place of publication Salt Lake City, Utah :
Name of publisher University of Utah Press,
Year of publication c2000.
300 ## - PHYSICAL DESCRIPTION
Number of Pages xv, 213 p. :
Other physical details ill.
650 #0 - SUBJECT ADDED ENTRY--TOPICAL TERM
Topical Term Printing
Topical Term Printing
Topical Term Mormon Church
Topical Term Mormon Church
856 40 - ELECTRONIC LOCATION AND ACCESS
Uniform Resource Identifier http://site.ebrary.com/lib/rucke/Doc?id=10015738

No items available.

© 2026 Rongo University
Contact us: librarian | system librarian | Rongo university